LIBRARY ONLINE CATALOGUE

An introduction to the bootstrap / (Record no. 20478)

MARC details
000 -LEADER
fixed length control field 00947pam a2200265 a 4500
001 - CONTROL NUMBER
control field 2049363
003 - CONTROL NUMBER IDENTIFIER
control field OSt
005 - DATE AND TIME OF LATEST TRANSACTION
control field 20240716150300.0
008 - FIXED-LENGTH DATA ELEMENTS--GENERAL INFORMATION
fixed length control field 930426s1993 nyua b 001 0 eng
010 ## - LIBRARY OF CONGRESS CONTROL NUMBER
LC control number 93004489
020 ## - INTERNATIONAL STANDARD BOOK NUMBER
International Standard Book Number 0412042312
040 ## - CATALOGING SOURCE
Original cataloging agency DLC
Transcribing agency DLC
Modifying agency DLC
050 00 - LIBRARY OF CONGRESS CALL NUMBER
Classification number QA276.8
Item number .E37 1994
100 1# - MAIN ENTRY--PERSONAL NAME
Personal name Efron, Bradley.
245 13 - TITLE STATEMENT
Title An introduction to the bootstrap /
Statement of responsibility, etc. Bradley Efron and Robert J. Tibshirani.
260 ## - PUBLICATION, DISTRIBUTION, ETC. (IMPRINT)
Place of publication, distribution, etc. New York :
Name of publisher, distributor, etc. Chapman & Hall,
Date of publication, distribution, etc. 1994
300 ## - PHYSICAL DESCRIPTION
Extent xvi, 436 p. :
440 #0 - SERIES STATEMENT/ADDED ENTRY--TITLE
Title Monographs on statistics and applied probability ;
Volume/sequential designation 57
650 #0 - SUBJECT ADDED ENTRY--TOPICAL TERM
Topical term or geographic name as entry element Bootstrap (Statistics)
700 1# - ADDED ENTRY--PERSONAL NAME
Personal name Tibshirani, Robert.
856 42 - ELECTRONIC LOCATION AND ACCESS
Materials specified Publisher description
Uniform Resource Identifier <a href="http://www.loc.gov/catdir/enhancements/fy0730/93004489-d.html">http://www.loc.gov/catdir/enhancements/fy0730/93004489-d.html</a>
906 ## - LOCAL DATA ELEMENT F, LDF (RLIN)
a 7
b cbc
c orignew
d 1
e ocip
f 19
g y-gencatlg
942 ## - ADDED ENTRY ELEMENTS (KOHA)
Source of classification or shelving scheme Library of Congress Classification
Koha item type General Collection
Holdings
Withdrawn status Lost status Source of classification or shelving scheme Not for loan Home library Current library Date acquired Cost, normal purchase price Total Checkouts Full call number Barcode Date last seen Price effective from Koha item type
    Library of Congress Classification   Kabarak, Main Campus Kabarak, Main Campus 16/07/2024 21656.00   QA276.8 .E37 1994 c.1 34067 16/07/2024 16/07/2024 General Collection